000 01110cam a22003134a 4500
001 14584795
003 OSt
005 20110411115529.0
008 061005s2006 enka b 001 0 eng d
010 _a 2006284238
015 _aGBA679341
_2bnb
016 7 _a013519762
_2Uk
020 _a184113631X
035 _a(OCoLC)ocm70242452
040 _aEUW
_cEUW
_dBAKER
_dGUL
_dUKM
_dDLC
042 _alccopycat
050 0 0 _aK1519.B54
_bB56 2006
082 0 0 _a343.0786606 BIO
_222
245 0 0 _aBiotechnology and international law /
_cUniversity of the pacific, McGeorge School of Law . _
260 _aSacramento ;
_aCalifornia :
_c2000.
300 _a375p. :
_bill. ;
_c30 cm.
650 0 _aBiotechnology industry.
_9686
650 2 _aBiotechnology
_xlegislation & jurisprudence.
_9687
650 2 _aIntellectual Property.
_9688
906 _a7
_bcbc
_ccopycat
_d2
_encip
_f20
_gy-gencatlg
942 _2ddc
_cSMP
999 _c232
_d232